Slovnaft na ceste k modernej rafinérsko-petrochemickej spoločnosti

Rozhovor s generálnym riaditeľom Slovnaftu, a.s. Ing. S. Hatinom. Technologická úroveň rafinérie Slovnaft. Projekty transformácie Slovnaftu od r.1991. Zmena filozofie privatizácie, vlastný investičný fond. Rozvojové programy Slovnaftu. Problém diverzifikácie zdrojov. Ekologický program. Investičný p...

ver descrição completa

Na minha lista:
Detalhes bibliográficos
Autor principal: Hatina, Slavomír
Outros Autores: Novosád, František
Formato: Capítulo de Livro
Idioma:eslovaco
Assuntos:
Tags: Adicionar Tag
Sem tags, seja o primeiro a adicionar uma tag!

MARC

LEADER 00000naa a2200000 4500
001 r027329
005 20230606082712.6
041 0 |a slo 
044 |a SK 
245 1 0 |a Slovnaft na ceste k modernej rafinérsko-petrochemickej spoločnosti  |c Slavomír Hatina, F. Novosád 
520 |a Rozhovor s generálnym riaditeľom Slovnaftu, a.s. Ing. S. Hatinom. Technologická úroveň rafinérie Slovnaft. Projekty transformácie Slovnaftu od r.1991. Zmena filozofie privatizácie, vlastný investičný fond. Rozvojové programy Slovnaftu. Problém diverzifikácie zdrojov. Ekologický program. Investičný program. Kvalifikačný rast pracovníkov. Slovnaft ako spoločenstvo. 
610 2 0 |a Slovnaft, a.s. Bratislava 
610 2 0 |a rafinérie 
610 2 0 |a ropa 
610 2 0 |a benzín 
610 2 0 |a nafta 
610 2 0 |a hmoty pohonné 
610 2 0 |a technológie nové 
610 2 0 |a programy výrobné 
610 2 0 |a rozvoj podniku 
610 2 0 |a akcionári 
610 2 0 |a programy investičné 
610 2 0 |a kvalifikácia 
610 2 0 |a pracovníci 
100 1 |a Hatina, Slavomír 
700 1 |a Novosád, František